Bored - Billie Eilish Lyrics - Statistics

General Stats
  • This quiz has been taken 86 times
  • The average score is 217 of 272
Answer Stats
Lyrics % Correct
I
100%
you
95%
Bored
94%
bored
94%
I'm
92%
The
92%
the
92%
so
91%
So
91%
me
89%
then
86%
say
84%
Say
84%
what
84%
What
84%
When
84%
you're
84%
You're
84%
all
83%
for
83%
to
83%
Givin'
80%
just
80%
need
80%
where
80%
and
78%
not
78%
don't
77%
it
77%
want
77%
any
75%
door
73%
free.
73%
free
73%
about
72%
afraid
72%
anymore
72%
beggin'
72%
leave
72%
love
72%
out
72%
games
70%
live
70%
walk
70%
Forget
69%
makes
69%
never
69%
played
69%
were
69%
without
69%
but
67%
set
67%
sure
67%
teachin'
67%
that
66%
You'd
66%
you'd
66%
every
64%
fun
64%
run.
64%
stay
64%
of
63%
torn
63%
scores
61%
fair
59%
more
59%
settled
59%
alone
58%
home
58%
piece
58%
Piece
58%
shit's
58%
begging
56%
hope
55%
can't
53%
Can't
53%
think
53%
God
50%
knows
50%
afford
47%
getting
44%
see
42%
No matching quizzes found
Score Distribution
Percent of People with Each Score
Percentile by Number Answered
Your Score History
You have not taken this quiz